The British Press : (Record no. 609347)

MARC details
000 -LEADER
fixed length control field 00520nam a2200193 a 4500
008 - FIXED-LENGTH DATA ELEMENTS--GENERAL INFORMATION
fixed length control field 260127s2008##################000#0#eng##
020 ## - INTERNATIONAL STANDARD BOOK NUMBER
ISBN 9780335222971
082 04 - DEWEY DECIMAL CLASSIFICATION NUMBER
Classification number 302.23220941
Item number TEM
100 1# - MAIN ENTRY--AUTHOR NAME
Personal name Temple, Mick,
245 10 - TITLE STATEMENT
Title The British Press :
260 ## - PUBLICATION, DISTRIBUTION, ETC. (IMPRINT)
Name of publisher McGraw-Hill Education (UK),
Year of publication 2008.
300 ## - PHYSICAL DESCRIPTION
Number of Pages 273 pages
650 #0 - SUBJECT ADDED ENTRY--TOPICAL TERM
Topical Term Language Arts & Disciplines.
942 ## - ADDED ENTRY ELEMENTS (KOHA)
Koha item type English Books
Holdings
Withdrawn status Lost status Damaged status Not for loan Home library Current library Shelving location Date acquired Full call number Accession Number Price effective from Koha item type
        Anna Centenary Library Anna Centenary Library 3RD FLOOR, B WING 28.01.2026 302.23220941 TEM 254740 28.01.2026 English Books

Find us on the map